Determination of polar groups of heavy and light meromyosin

Elmentve itt :
Bibliográfiai részletek
Szerző: Nanninga L. B.
Dokumentumtípus: Cikk
Megjelent: Academic Press 1955-06
Sorozat:Archives of Biochemistry and Biophysics 56 No. 2
Online Access:http://misc.bibl.u-szeged.hu/73464
LEADER 00651nab a2200169 i 4500
001 misc73464
005 20241018113842.0
008 241018s1955 hu o 000 eng d
040 |a SZTE Miscellanea Repozitórium  |b hun 
041 |a eng 
100 1 |a Nanninga L. B. 
245 1 0 |a Determination of polar groups of heavy and light meromyosin  |h [elektronikus dokumentum] /  |c  Nanninga L. B. 
260 |a Academic Press  |c 1955-06 
300 |a 349-355 
490 0 |a Archives of Biochemistry and Biophysics  |v 56 No. 2 
561 |a Szent-Györgyi Albert munkatársainak publikációi 
856 4 0 |u http://misc.bibl.u-szeged.hu/73464/1/szgya_amerikai_077.pdf  |z Dokumentum-elérés